[Event "Tarragona Province-ch"]
[Site "Tarragona"]
[Date "2018.11.25"]
[Round "9.1"]
[White "Bru Rullo, Llatzer"]
[Black "Sanchez Mayor, Jose"]
[Result "1-0"]
[WhiteElo "2179"]
[BlackElo "1825"]
[PlyCount "65"]
[EventDate "2018.09.30"]
[EventType "swiss"]
[EventRounds "9"]
[EventCountry "ESP"]
[SourceTitle "CBM 187 Extra"]
[Source "ChessBase"]
[SourceDate "2018.11.04"]
[SourceVersion "1"]
[SourceVersionDate "2018.11.04"]
[SourceQuality "1"]

1. d4 Nf6 2. c4 e5 3. dxe5 Ne4 4. Nf3 Bb4+ 5. Nbd2 Nc6 6. a3 Bxd2+ 7. Bxd2 Nxd2 8. Qxd2 Qe7 9. g3 Nxe5 10. Nxe5 Qxe5 11. Bg2 0-0 12. 0-0 d6 13. Rfc1 Rb8 14. Rc3 Be6 15. Rac1 b6 16. b4 Rfd8 17. Re3 Qf6 18. b5 Qg5 19. Qb4 Qc5 20. Rec3 Qxb4 21. axb4 Bc8 22. Ra3 Bb7 23. Rxa7 Bxg2 24. Kxg2 Rd7 25. Kf3 f5 26. c5 bxc5 27. bxc5 Rf7 28. b6 cxb6 29. cxb6 Rxa7 30. bxa7 Ra8 31. Rc7 h6 32. Ke3 Kh7 33. Kd4 1-0

[Event "Tarragona Province-ch"]
[Site "Tarragona"]
[Date "2018.11.04"]
[Round "6.1"]
[White "Esplugas Esteve, Vicenc"]
[Black "Bru Rullo, Llatzer"]
[Result "1/2-1/2"]
[WhiteElo "2304"]
[BlackElo "2179"]
[PlyCount "40"]
[EventDate "2018.09.30"]
[EventType "swiss"]
[EventRounds "9"]
[EventCountry "ESP"]
[SourceTitle "CBM 187 Extra"]
[Source "ChessBase"]
[SourceDate "2018.11.04"]
[SourceVersion "1"]
[SourceVersionDate "2018.11.04"]
[SourceQuality "1"]

1. d4 Nf6 2. c4 e6 3. Nc3 Bb4 4. Qc2 0-0 5. Nf3 c5 6. dxc5 Na6 7. g3 Nxc5 8. Bg2 Nce4 9. 0-0 Nxc3 10. bxc3 Be7 11. e4 d6 12. e5 dxe5 13. Nxe5 Qc7 14. Qe2 Nd7 15. Bf4 Nxe5 16. Bxe5 Bd6 17. Rfe1 Rb8 18. Rad1 Bxe5 19. Qxe5 Qxe5 20. Rxe5 b6 1/2-1/2

[Event "Barcelona Sants op 20th"]
[Site "Barcelona"]
[Date "2018.08.19"]
[Round "3"]
[White "Sardana, Rishi"]
[Black "Bru Rullo, Llatzer"]
[Result "1-0"]
[WhiteElo "2407"]
[BlackElo "2179"]
[PlyCount "49"]
[EventDate "2018.08.17"]
[EventType "swiss"]
[EventRounds "10"]
[EventCountry "ESP"]
[SourceTitle "CBM 186 Extra"]
[Source "ChessBase"]
[SourceDate "2018.08.24"]
[SourceVersion "1"]
[SourceVersionDate "2018.08.24"]
[SourceQuality "1"]

1. e4 c5 2. Nf3 e6 3. g3 Nf6 4. e5 Nd5 5. Nc3 Nxc3 6. dxc3 b6 7. Bd3 Bb7 8. Qe2 Qc7 9. Be4 Nc6 10. Bf4 h6 11. h4 d5 12. exd6 Bxd6 13. Bxd6 Qxd6 14. Nd2 Qc7 15. 0-0-0 0-0-0 16. h5 Kb8 17. Rhe1 Rhe8 18. Nc4 Rxd1+ 19. Rxd1 Rd8 20. Rxd8+ Nxd8 21. Bxb7 Qxb7 22. Qg4 f6 23. b3 Qf7 24. a4 Nc6 25. Qf4+ 1-0

[Event "Catalunya-chT GpB final"]
[Site "Barcelona"]
[Date "2018.04.07"]
[Round "3.5"]
[White "Triadu Cassa, Jordi"]
[Black "Bru Rullo, Llatzer"]
[Result "1/2-1/2"]
[WhiteElo "2110"]
[BlackElo "2193"]
[PlyCount "54"]
[EventDate "2018.03.10"]
[EventType "team-tourn"]
[EventRounds "4"]
[EventCountry "ESP"]
[SourceTitle "CBM 183 Extra"]
[Source "ChessBase"]
[SourceDate "2018.04.19"]
[SourceVersion "1"]
[SourceVersionDate "2018.04.19"]
[SourceQuality "1"]
[WhiteTeam "Olot"]
[BlackTeam "Cerdanyola Valles"]
[WhiteTeamCountry "ESP"]
[BlackTeamCountry "ESP"]

1. e4 c5 2. Nf3 e6 3. d4 cxd4 4. Nxd4 Nc6 5. Nc3 Qc7 6. f4 a6 7. Nxc6 bxc6 8. Bd3 d5 9. Qe2 Nf6 10. 0-0 Be7 11. Kh1 0-0 12. b3 c5 13. Bd2 Bb7 14. Rae1 dxe4 15. Nxe4 Nxe4 16. Bxe4 Bf6 17. Qf3 Bxe4 18. Rxe4 Rfd8 19. Ra4 Qc8 20. Be3 Qc7 21. Rc4 Qa5 22. a4 Be7 23. f5 e5 24. Qb7 Bf8 25. Qe4 f6 26. h3 Rab8 27. Qc6 Qb6 1/2-1/2

[Event "Catalunya-chT GpB final"]
[Site "Barcelona"]
[Date "2018.03.17"]
[Round "2.6"]
[White "Martinez Lopez, Carlos"]
[Black "Bru Rullo, Llatzer"]
[Result "0-1"]
[WhiteElo "2148"]
[BlackElo "2193"]
[PlyCount "72"]
[EventDate "2018.03.10"]
[EventType "team-tourn"]
[EventRounds "4"]
[EventCountry "ESP"]
[SourceTitle "CBM 183 Extra"]
[Source "ChessBase"]
[SourceDate "2018.04.19"]
[SourceVersion "1"]
[SourceVersionDate "2018.04.19"]
[SourceQuality "1"]
[WhiteTeam "Peona I Peo"]
[BlackTeam "Cerdanyola Valles"]
[WhiteTeamCountry "ESP"]
[BlackTeamCountry "ESP"]

1. e4 c5 2. Nf3 e6 3. d4 cxd4 4. Nxd4 a6 5. Bd3 b5 6. 0-0 Bb7 7. Qe2 Qb6 8. Nb3 Qc7 9. a4 b4 10. a5 Nc6 11. Be3 Nf6 12. f4 Be7 13. N1d2 d5 14. e5 Nd7 15. Qg4 g6 16. Qe2 0-0 17. Nf3 f5 18. h3 Rfc8 19. g4 fxg4 20. hxg4 Rf8 21. Nfd4 Nxd4 22. Bxd4 Nc5 23. Nxc5 Bxc5 24. Qe3 Bxd4 25. Qxd4 Qe7 26. Kg2 Qh4 27. Be2 Rac8 28. Rh1 Rxf4 29. Rxh4 Rxd4 30. Bd3 b3 31. Bxg6 hxg6 32. Rah1 Rxg4+ 33. Rxg4 d4+ 34. Kg1 bxc2 35. Rxg6+ Kf7 36. Rf6+ Kg7 0-1

[Event "Catalunya-chT Gp2"]
[Site "Barcelona"]
[Date "2018.01.20"]
[Round "1.6"]
[White "Rivas Garcia, Victor"]
[Black "Bru Rullo, Llatzer"]
[Result "1-0"]
[WhiteElo "2221"]
[BlackElo "2193"]
[PlyCount "85"]
[EventDate "2018.01.20"]
[EventType "team-tourn"]
[EventRounds "7"]
[EventCountry "ESP"]
[SourceTitle "CBM 182 Extra"]
[Source "ChessBase"]
[SourceDate "2018.02.23"]
[SourceVersion "1"]
[SourceVersionDate "2018.02.23"]
[SourceQuality "1"]
[WhiteTeam "Barbera"]
[BlackTeam "Cerdanyola Valles"]
[WhiteTeamCountry "ESP"]
[BlackTeamCountry "ESP"]

1. e4 e5 2. Bc4 Nc6 3. Nf3 Bc5 4. c3 Nf6 5. d3 d6 6. Bb3 Bb6 7. h3 h6 8. Nbd2 Be6 9. Nc4 Qd7 10. a4 Rd8 11. Ba2 Bxc4 12. Bxc4 d5 13. exd5 Nxd5 14. 0-0 0-0 15. Bb5 Rfe8 16. a5 Bc5 17. a6 bxa6 18. Rxa6 Nb6 19. b4 Bf8 20. Rxa7 Qd6 21. Ra3 Re7 22. Be3 Qg6 23. Nh4 Qf6 24. Qg4 g6 25. Ra6 Nb8 26. Ra7 Nd5 27. Bd2 c6 28. Ra6 Nxa6 29. Bxa6 e4 30. d4 c5 31. b5 Nc7 32. Bb7 Nxb5 33. Bxe4 cxd4 34. c4 Nd6 35. Bd5 Kh7 36. Nf3 Bg7 37. Ng5+ Kg8 38. Nf3 Qf5 39. Qh4 Rde8 40. Bxh6 Qf6 41. Bg5 Nf5 42. Bxf6 Nxh4 43. Bxh4 1-0

[Event "Sabadell op-A 10th"]
[Site "Sabadell"]
[Date "2017.09.10"]
[Round "9"]
[White "Asensio Linan, Teodoro"]
[Black "Bru Rullo, Llatzer"]
[Result "0-1"]
[WhiteElo "2171"]
[BlackElo "2239"]
[PlyCount "134"]
[EventDate "2017.09.01"]
[EventType "swiss"]
[EventRounds "9"]
[EventCountry "ESP"]
[SourceTitle "CBM 180 Extra"]
[Source "ChessBase"]
[SourceDate "2017.10.06"]
[SourceVersion "1"]
[SourceVersionDate "2017.10.06"]
[SourceQuality "1"]

1. e4 e5 2. Nf3 Nc6 3. Bc4 Bc5 4. c3 Nf6 5. d4 exd4 6. cxd4 Bb4+ 7. Bd2 Nxe4 8. Bxb4 Nxb4 9. Bxf7+ Kxf7 10. Qb3+ Kf8 11. Qxb4+ Qe7 12. Qxe7+ Kxe7 13. 0-0 Kf6 14. Re1 d5 15. Ne5 c5 16. f3 cxd4 17. Nd3 Nd6 18. Nf4 Re8 19. Nxd5+ Kf7 20. Rxe8 Nxe8 21. Na3 Bf5 22. g4 Be6 23. Nf4 Rd8 24. b3 Nc7 25. Re1 g5 26. Nd3 Nd5 27. Nb5 Nc3 28. Nc7 Bd5 29. Re5 h6 30. Kf2 Rd7 31. Nxd5 Rxd5 32. Rxd5 Nxd5 33. a3 Kf6 34. Ke2 Ne7 35. a4 Nc6 36. b4 Ne5 37. Nc5 b6 38. Nb3 d3+ 39. Ke3 Ke6 40. Ke4 Nc4 41. Kxd3 Nb2+ 42. Ke4 Nxa4 43. Nd4+ Kf6 44. Kd5 Nc3+ 45. Kc4 Nd1 46. Nc6 a6 47. Kd4 Nf2 48. Nb8 a5 49. b5 Ke6 50. Nc6 Nh3 51. Nd8+ Ke7 52. Nc6+ Kd6 53. Ne5 Ng1 54. Nc4+ Kc7 55. Ke3 Nh3 56. Ke4 a4 57. Kd4 Ng1 58. Nd2 Kd6 59. Nc4+ Kc7 60. Ke3 Kd8 61. f4 gxf4+ 62. Kxf4 Ne2+ 63. Ke5 Nc3 64. Na3 Ke7 65. h4 Nd1 66. g5 hxg5 67. hxg5 Kf7 0-1